[Event "Eforie Nord op 2nd"]
[Site "Eforie Nord"]
[Date "2010.06.25"]
[Round "9"]
[White "Christea, Ion Horia"]
[Black "Ogleznev, Alexandr"]
[Result "0-1"]
[WhiteElo "2176"]
[BlackElo "2320"]
[PlyCount "72"]
[EventDate "2010.06.18"]
[EventType "swiss"]
[EventRounds "11"]
[EventCountry "ROU"]
[SourceTitle "CBM 137 Extra"]
[Source "ChessBase"]
[SourceDate "2010.09.01"]
[SourceVersion "1"]
[SourceVersionDate "2010.09.01"]
[SourceQuality "1"]

1. d4 Nf6 2. c4 g6 3. Nc3 Bg7 4. e4 d6 5. h3 Nbd7 6. Nf3 e5 7. d5 Nc5 8. Bg5 h6 9. Bxf6 Bxf6 10. b4 Nd7 11. Be2 Bg7 12. 0-0 0-0 13. Qb3 Kh8 14. Rac1 f5 15. Bd3 h5 16. Nd1 Bh6 17. Ne3 f4 18. Nd1 g5 19. Rc2 g4 20. hxg4 hxg4 21. Nh2 Nf6 22. g3 Nh5 23. Be2 Rg8 24. Re1 Rg7 25. c5 Nf6 26. cxd6 cxd6 27. Rc4 Bd7 28. b5 Qb6 29. a4 Rf8 30. Nf1 Bg5 31. Qc3 Rh7 32. a5 Qd8 33. Qb4 Ne8 34. a6 Qf6 35. f3 Qh6 36. Nf2 fxg3 0-1

[Event "Eforie Nord op 2nd"]
[Site "Eforie Nord"]
[Date "2010.06.23"]
[Round "7"]
[White "Georgescu, Tiberiu Marian"]
[Black "Christea, Ion Horia"]
[Result "1-0"]
[WhiteElo "2404"]
[BlackElo "2176"]
[PlyCount "65"]
[EventDate "2010.06.18"]
[EventType "swiss"]
[EventRounds "11"]
[EventCountry "ROU"]
[SourceTitle "CBM 137 Extra"]
[Source "ChessBase"]
[SourceDate "2010.09.01"]
[SourceVersion "1"]
[SourceVersionDate "2010.09.01"]
[SourceQuality "1"]

1. d4 Nf6 2. c4 e6 3. Nf3 b6 4. g3 Ba6 5. b3 Bb4+ 6. Bd2 Be7 7. Bg2 c6 8. 0-0 d5 9. Qc2 Nbd7 10. Rd1 Rc8 11. a4 0-0 12. a5 b5 13. c5 Ne4 14. Nc3 Nxc3 15. Qxc3 f5 16. b4 Bf6 17. Bf4 g5 18. Bd6 Re8 19. Ne5 Bxe5 20. dxe5 Nf8 21. e4 fxe4 22. Bxe4 Qd7 23. Bc2 Rcd8 24. Rd4 Qg7 25. Qe3 h6 26. Rg4 Ng6 27. Re1 Bc8 28. h4 Ne7 29. Bxe7 Rxe7 30. hxg5 Kf8 31. g6 Ke8 32. Rh4 d4 33. Qxh6 1-0

[Event "Bucharest Revolution Memorial"]
[Site "Bucharest"]
[Date "2003.12.??"]
[Round "?"]
[White "Christea, Ion Horia"]
[Black "Mateuta, Gabriel"]
[Result "0-1"]
[WhiteElo "2238"]
[BlackElo "2435"]
[PlyCount "54"]
[EventDate "2003.12.??"]
[EventType "swiss"]
[EventRounds "7"]
[EventCountry "ROU"]
[SourceTitle "EXT 2008"]
[Source "ChessBase"]
[SourceDate "2007.11.25"]
[SourceVersion "1"]
[SourceVersionDate "2007.11.25"]
[SourceQuality "1"]

1. d4 Nf6 2. c4 c6 3. Nc3 d5 4. Nf3 e6 5. e3 Nbd7 6. Bd3 dxc4 7. Bxc4 b5 8. Bd3 a6 9. e4 c5 10. d5 Bb7 11. dxe6 fxe6 12. 0-0 c4 13. Bc2 Nc5 14. Ng5 h6 15. e5 Qxd1 16. Rxd1 hxg5 17. Bg6+ Ke7 18. Bxg5 b4 19. exf6+ gxf6 20. Be3 Rc8 21. Bxc5+ Rxc5 22. Ne4 Rd5 23. Re1 Rg8 24. Nxf6 Kxf6 25. Be4 Bh6 26. Bxd5 Bxd5 27. g3 Bf3 0-1

[Event "Bucharest November"]
[Site "Bucharest"]
[Date "2003.11.19"]
[Round "7"]
[White "Christea, Ion Horia"]
[Black "Onut, Simeon"]
[Result "0-1"]
[WhiteElo "2238"]
[BlackElo "2171"]
[PlyCount "116"]
[EventDate "2003.11.13"]
[EventType "tourn"]
[EventRounds "9"]
[EventCountry "ROU"]
[SourceTitle "EXT 2008"]
[Source "ChessBase"]
[SourceDate "2007.11.25"]
[SourceVersion "1"]
[SourceVersionDate "2007.11.25"]
[SourceQuality "1"]

1. d4 Nf6 2. c4 e6 3. Nc3 Bb4 4. Qc2 d5 5. e3 0-0 6. Nf3 b6 7. a3 Be7 8. Bd3 dxc4 9. Bxc4 Ba6 10. Bxa6 Nxa6 11. b4 c5 12. dxc5 bxc5 13. b5 Nc7 14. Ne5 Ncd5 15. Nc6 Qc7 16. Nxe7+ Qxe7 17. 0-0 Rab8 18. Nxd5 exd5 19. a4 Rfc8 20. Rd1 Qe6 21. Bb2 Ne4 22. Qd3 Rd8 23. f3 Nf6 24. Bc3 h6 25. Rab1 Ne8 26. Ba5 Rd7 27. e4 d4 28. Rdc1 Rc8 29. b6 axb6 30. Bxb6 c4 31. Qd1 d3 32. Qd2 c3 33. Rxc3 Rxc3 34. Qxc3 d2 35. Bd4 Qd6 36. Qxd2 Qxd4+ 37. Qxd4 Rxd4 38. Rb8 Kf8 39. a5 Ra4 40. Ra8 Ke7 41. Ra7+ Ke6 42. e5 g5 43. g4 Ra2 44. h4 Re2 45. Ra6+ Kxe5 46. Rxh6 gxh4 47. Kf1 Ra2 48. Rxh4 Kf4 49. Rh5 Ng7 50. Rh7 Kxf3 51. Ke1 f5 52. Rxg7 fxg4 53. Rf7+ Kg2 54. Rf5 g3 55. Kd1 Kh3 56. Kc1 g2 57. Rg5 Ra4 58. Kb2 Rg4 0-1

[Event "Bucharest November"]
[Site "Bucharest"]
[Date "2003.11.18"]
[Round "6"]
[White "Matei, Florin"]
[Black "Christea, Ion Horia"]
[Result "1-0"]
[WhiteElo "2174"]
[BlackElo "2238"]
[PlyCount "41"]
[EventDate "2003.11.13"]
[EventType "tourn"]
[EventRounds "9"]
[EventCountry "ROU"]
[SourceTitle "EXT 2008"]
[Source "ChessBase"]
[SourceDate "2007.11.25"]
[SourceVersion "1"]
[SourceVersionDate "2007.11.25"]
[SourceQuality "1"]

1. e4 e6 2. d4 d5 3. Nc3 Bb4 4. e5 c5 5. a3 Bxc3+ 6. bxc3 Qc7 7. Nf3 Ne7 8. h4 Bd7 9. h5 Nbc6 10. h6 g6 11. Bg5 cxd4 12. cxd4 Qa5+ 13. Qd2 Qxd2+ 14. Kxd2 Nf5 15. c3 Na5 16. Rb1 Bc6 17. Bf6 Rg8 18. Ng5 Nc4+ 19. Bxc4 dxc4 20. Nxh7 Bxg2 21. Ng5 1-0

[Event "Bucharest November"]
[Site "Bucharest"]
[Date "2003.11.14"]
[Round "2"]
[White "Corke, Anya Sun"]
[Black "Christea, Ion Horia"]
[Result "0-1"]
[WhiteElo "2042"]
[BlackElo "2238"]
[PlyCount "118"]
[EventDate "2003.11.13"]
[EventType "tourn"]
[EventRounds "9"]
[EventCountry "ROU"]
[SourceTitle "EXT 2008"]
[Source "ChessBase"]
[SourceDate "2007.11.25"]
[SourceVersion "1"]
[SourceVersionDate "2007.11.25"]
[SourceQuality "1"]

1. d4 f5 2. e4 fxe4 3. Nc3 Nf6 4. Bg5 e6 5. Nxe4 Be7 6. Bxf6 Bxf6 7. Nf3 Nc6 8. Qd2 d5 9. Nxf6+ Qxf6 10. Bd3 Bd7 11. c3 h6 12. 0-0-0 0-0-0 13. Rde1 Rhf8 14. h4 Rde8 15. Qe3 Qf4 16. Qxf4 Rxf4 17. Re2 Ref8 18. Rf1 Rg4 19. Ne1 Rxh4 20. g3 Rh2 21. Bc2 Nd8 22. Nd3 Bb5 23. a4 Ba6 24. Kd2 b6 25. Ke1 c5 26. b4 cxb4 27. cxb4 Bc4 28. b5 a6 29. Bb1 axb5 30. axb5 Rf7 31. Rc2 Kb8 32. Ke2 Ra7 33. Ke3 Ra3 34. Rb2 Nb7 35. Bc2 Nd6 36. Rb4 Nf5+ 37. Kd2 Nxd4 38. Bb1 Nb3+ 39. Ke3 Nc5 40. Rd1 Bxd3 41. Bxd3 Nxd3 42. Rxd3 Rxd3+ 43. Kxd3 Rxf2 44. Kd4 Rf3 45. Ke5 Re3+ 46. Kd6 Re4 47. Rb3 Rc4 48. Kxe6 d4 49. Rf3 Rc8 50. Rf7 Rd8 51. Rf2 d3 52. Rd2 Kc7 53. Kf7 g5 54. Ke6 Rd6+ 55. Ke5 h5 56. Kf5 Rd5+ 57. Kg6 h4 58. gxh4 gxh4 59. Kf6 Kd6 0-1

[Event "Bucharest Revolution Memorial"]
[Site "Bucharest"]
[Date "2002.12.??"]
[Round "2"]
[White "Ionescu, Constantin"]
[Black "Christea, Ion Horia"]
[Result "1-0"]
[WhiteElo "2489"]
[BlackElo "2226"]
[PlyCount "81"]
[EventDate "2002.12.??"]
[EventType "swiss"]
[EventRounds "7"]
[EventCountry "ROU"]
[SourceTitle "EXT 2008"]
[Source "ChessBase"]
[SourceDate "2007.11.25"]
[SourceVersion "1"]
[SourceVersionDate "2007.11.25"]
[SourceQuality "1"]

1. d4 Nf6 2. c4 e6 3. Nf3 b6 4. a3 Bb7 5. Nc3 Be7 6. d5 d6 7. e4 e5 8. Bd3 0-0 9. 0-0 Nbd7 10. b4 a5 11. Rb1 axb4 12. axb4 c5 13. dxc6 Bxc6 14. Ne1 Qc7 15. Nc2 Ba4 16. Nxa4 Rxa4 17. Na3 Rfa8 18. Nb5 Qc6 19. Be3 g6 20. f3 Nh5 21. Bc2 R4a6 22. Bb3 Nf4 23. g3 Ne6 24. Qd5 Rc8 25. Qxc6 Rxc6 26. Ra1 Rxa1 27. Rxa1 Bg5 28. Ra8+ Kg7 29. Bxg5 Nxg5 30. Kf2 Ne6 31. Ra7 Ndf8 32. Ke3 g5 33. Kd3 h5 34. Ba4 h4 35. Bb3 hxg3 36. hxg3 Kg6 37. Rb7 f5 38. Bd1 f4 39. g4 Kf6 40. Nc3 Nc7 41. Rxc7 1-0

[Event "Bucharest Edyval Cup"]
[Site "Bucharest"]
[Date "2001.10.19"]
[Round "5"]
[White "Christea, Ion Horia"]
[Black "Frasineanu, Marius"]
[Result "0-1"]
[WhiteElo "2068"]
[BlackElo "2260"]
[PlyCount "70"]
[EventDate "2001.10.15"]
[EventType "tourn"]
[EventRounds "13"]
[EventCountry "ROU"]
[SourceTitle "EXT 2010"]
[Source "ChessBase"]
[SourceDate "2010.11.25"]
[SourceVersion "1"]
[SourceVersionDate "2010.11.25"]
[SourceQuality "1"]

1. d4 Na6 2. c4 c6 3. Nc3 d6 4. e4 g6 5. Be2 Bg7 6. Nf3 Nf6 7. 0-0 0-0 8. Bg5 h6 9. Bh4 Nc7 10. Qd2 Kh7 11. Rfd1 d5 12. exd5 cxd5 13. c5 Ne4 14. Nxe4 dxe4 15. Ne5 g5 16. Bg3 f5 17. f4 Bxe5 18. dxe5 Qxd2 19. Rxd2 Ne6 20. b4 a5 21. Rb1 axb4 22. Rxb4 e3 23. Rd3 Rxa2 24. Rxe3 Nxc5 25. h4 Ne4 26. Kh2 g4 27. Bc4 Rc2 28. Be1 Rd8 29. Bd3 g3+ 30. Rxg3 Rc1 31. Bxe4 fxe4 32. Rxe4 Bf5 33. Ree3 Rdd1 34. Re2 Rxe1 35. Rxe1 Rxe1 0-1

[Event "Bucharest Edyval Cup"]
[Site "Bucharest"]
[Date "2001.10.15"]
[Round "1"]
[White "Christea, Ion Horia"]
[Black "Dinu, Dumitru Daniel"]
[Result "0-1"]
[WhiteElo "2068"]
[BlackElo "2307"]
[PlyCount "58"]
[EventDate "2001.10.15"]
[EventType "tourn"]
[EventRounds "13"]
[EventCountry "ROU"]
[SourceTitle "EXT 2010"]
[Source "ChessBase"]
[SourceDate "2010.11.25"]
[SourceVersion "1"]
[SourceVersionDate "2010.11.25"]
[SourceQuality "1"]

1. d4 Nf6 2. c4 e6 3. g3 d5 4. Bg2 c5 5. cxd5 Nxd5 6. Nf3 Nc6 7. 0-0 Be7 8. dxc5 0-0 9. Nd4 Bxc5 10. Nxc6 bxc6 11. Nd2 Ba6 12. a3 Qe7 13. Re1 f5 14. Qc2 Rac8 15. b4 Bb6 16. Nb3 f4 17. Nc5 fxg3 18. hxg3 Qf6 19. Bf4 Nxf4 20. gxf4 Bxc5 21. bxc5 Qxf4 22. e3 Qh4 23. Rad1 Rf6 24. Rd4 Qh5 25. Rf4 Rh6 26. f3 Rf8 27. Rxf8+ Kxf8 28. Rd1 Qh2+ 29. Kf2 Rg6 0-1